Play by the rules (Record no. 65070)
[ view plain ]
| 000 -LEADER | |
|---|---|
| fixed length control field | 01151cam a2200205 4500 |
| 001 - CONTROL NUMBER | |
| control field | ABS63070 |
| 008 - FIXED-LENGTH DATA ELEMENTS--GENERAL INFORMATION | |
| fixed length control field | 000000n2000 000 0 eng u |
| 035 ## - SYSTEM CONTROL NUMBER | |
| System control number | (Sirsi) u108963 |
| 100 ## - MAIN ENTRY--PERSONAL NAME | |
| Personal name | Williams, P. |
| 245 ## - TITLE STATEMENT | |
| Title | Play by the rules |
| 260 ## - PUBLICATION, DISTRIBUTION, ETC. | |
| Date of publication, distribution, etc. | 2000 |
| 490 ## - SERIES STATEMENT | |
| Series statement | Estates Gazette |
| Volume/sequential designation | (0041) 14 October 2000, 206(1) |
| 520 ## - SUMMARY, ETC. | |
| Summary, etc. | Looks at the professional rule that applies when a seller instructs a solicitor to deal simultaneously with two or more prospective buyers. The requirements are contained in Solicitors' Practice Rules 1990 rule 6A. This requires solicitors to inform all prospective buyers of the number of contracts that have been issued. There is no obligation to reveal the terms that have been negotiated, but the seller should clarify whether there is a genuine 'contract race'. Discusses the principles that underlie rule 6A , the requirements of the rule and ways a determined seller may try to circumvent it. |
| 590 ## - LOCAL NOTE (RLIN) | |
| Local note | ABS |
| 650 ## - SUBJECT ADDED ENTRY--TOPICAL TERM | |
| Topical term or geographic name entry element | SOLICITORS' PRACTICE RULES 1990 R6A |
| 650 ## - SUBJECT ADDED ENTRY--TOPICAL TERM | |
| Topical term or geographic name entry element | Contracts |
| 9 (RLIN) | 6232 |
| 650 ## - SUBJECT ADDED ENTRY--TOPICAL TERM | |
| Topical term or geographic name entry element | SELLING AGENTS |
| 690 ## - LOCAL SUBJECT ADDED ENTRY--TOPICAL TERM (OCLC, RLIN) | |
| Topical term or geographic name as entry element | MANAGEMENT-BUSINESS MANAGEMENT-PROFESSIONAL PRACTICE |
| 942 ## - ADDED ENTRY ELEMENTS (KOHA) | |
| Suppress in OPAC | 0 |
| Withdrawn status | Lost status | Source of classification or shelving scheme | Damaged status | Not for loan | Home library | Current library | Shelving location | Date acquired | Total Checkouts | Full call number | Barcode | Date last seen | Copy number | Price effective from | Koha item type |
|---|---|---|---|---|---|---|---|---|---|---|---|---|---|---|---|
| Dewey Decimal Classification | London | London | Journal article | 25/10/2000 | ABS63070 | 108963-1001 | 06/08/2019 | 1 | 06/08/2019 | Journal article | |||||
| Dewey Decimal Classification | London | London | Journal article | 25/10/2000 | ABS63070 | 108963-1002 | 06/08/2019 | 2 | 06/08/2019 | Journal article |